000 00654nam a2200193Ia 4500
003 GCL
008 140319s9999 xx 000 0 ara d
040 _aGCL /
_cGCL
082 0 4 _a301.4314
_bح ط
100 1 _aحسين عبدالحميد احمد رشوان
245 1 0 _aالطفل: دراسة فى علم الاجتماع النفسى /
_cحسين عبدالحميد احمد رشوان
260 _a[S.N] :
_bالمكتب الجامعى الحديث ،
_c1992
300 _a155 ص
490 _a
650 0 4 _aالاجتماع
650 0 4 _aعلم النفس الاجتماعى
650 0 4 _aالمسح الاجتماعى
942 _2ddc
_cBK
999 _c55951
_d55951